IV Informe bienal sobre la realidad universitaria en Perú (2021-2022) (Registro nro. 22121)
[ vista simple ]
| 000 -Cabecera | |
|---|---|
| Campo de control interno | 01075nam a22002537a 4500 |
| 005 - Fecha y hora del registro | |
| control field | 20260416162438.0 |
| 008 - Elementos de Longitud Fija | |
| fixed length control field | 260324b |||||||| |||| 00| 0 spa d |
| 020 ## - ISBN | |
| ISBN | 9786124712555 |
| 082 ## - DEWEY y NOTACIÓN INTERNA | |
| Dewey | RI 378.85 |
| Notación Interna | S94 2025 |
| 100 ## - AUTOR | |
| Autor denominación | , |
| 110 ## - AUTOR INSTTITUCIONAL | |
| Autor Institucional | Superintendencia Nacional de Educación Superior Universitaria |
| 245 ## - TÍTULO DE MATERIAL BIBLIOGRÁFICO | |
| Título | IV Informe bienal sobre la realidad universitaria en Perú (2021-2022) |
| 260 ## - CIUDAD, EDITORIAL, AÑO | |
| Ciudad | Lima : |
| Nombre de la Editorial | Superintendencia Nacional de Educación Superior Universitaria, |
| Año | 2025 |
| 300 ## - DESCRIPCIÓN | |
| N° Páginas | 219 páginas : |
| Otros detalles | fotografías, gráficos, tablas ; |
| Dimensiones | 30 cm. |
| 440 ## - MENCIÓN DE SERIE | |
| Título de la Serie | ; |
| 650 ## - TEMAS | |
| Temas | Ciencias Sociales |
| 653 ## - DESCRIPTORES | |
| Lenguajes no controlado | Educación superior - Perú; Universidades - Perú; Estudiantes universitarios |
| 654 ## - PROGRAMAS | |
| Programa | Dpto. de Educación |
| 700 ## - OTROS AUTORES | |
| Otros autores | ; |
| 856 ## - URL - UBICACIÓN | |
| URI/URL: Enlace exacto del recurso | <a href="https://0u20ju29f-y-https-www-jstor-org.itmsp.museknowledge.com/">https://0u20ju29f-y-https-www-jstor-org.itmsp.museknowledge.com/</a> |
| Nota pública: Versión digital | <a href="Véase además: Base de datos JSTOR">Véase además: Base de datos JSTOR</a> |
| 856 ## - URL - UBICACIÓN | |
| URI/URL: Enlace exacto del recurso | <a href="https://0u20vu28x-y-https-ebookcentral-proquest-com.itmsp.museknowledge.com/lib/catolicasp/home.action">https://0u20vu28x-y-https-ebookcentral-proquest-com.itmsp.museknowledge.com/lib/catolicasp/home.action</a> |
| Nota pública: Versión digital | <a href="Véase además: Base de datos ProQuest Ebook Central">Véase además: Base de datos ProQuest Ebook Central</a> |
| 942 ## - ELEMENTOS DE KOHA | |
| Tipo de documento | Informe |
| Nombre del creador | Justo Noguera |
| Código de catalogador | Margarita Torres |
| Suppress in OPAC | No |
| Esquema de clasificación | Dewey Decimal Classification |
| Codigo completo | Registro | Colección | Copia número | Disponibilidad | Tipo de préstamo | Biblioteca Actual | Procedencia (Biblioteca) | Ubicacón | Fecha Ingreso | Tipo de Adquisición | Observación | Date last seen | Total checkouts | Price effective from | Tipo de Item | Estado del Material | Fuente de Clasificación | Damaged status | Withdrawn status |
|---|---|---|---|---|---|---|---|---|---|---|---|---|---|---|---|---|---|---|---|
| RI 378.85 S94 2025 | 1088212 | Universidad Católica San Pablo | 1 | Disponible | Disponible | Víctor Andrés Belaunde | Víctor Andrés Belaunde | Planta baja abierta | 24/03/2026 | Donación | Rectorado UCSP | 24/03/2026 | 24/03/2026 | Informe | Bueno | Dewey Decimal Classification |




